Statistics for Guess the Flag- Red Edition

Click here to take the quiz!

General Stats

  • This quiz has been taken 33 times
  • The average score is 12 of 15

Answer Stats

Answer% Correct
Portugal
100%
China
97%
Mexico
97%
Turkey
97%
Indonesia
87%
Netherlands
84%
Norway
84%
Lithuania
81%
Malta
81%
Egypt
77%
Romania
77%
Ghana
74%
Peru
74%
Haiti
61%
Togo
58%

Score Distribution

Percentile by Number Answered

Percent of People with Each Score

Your Score History

You have not taken this quiz